| 000 | 00000nam 2200000za 4500 |
| 001 | 9.841343 |
| 003 | CaOODSP |
| 005 | 20221107152049 |
| 007 | cr ||||||||||| |
| 008 | 170809s2015 onc |o f|0| 0 fre d |
| 040 | |aCaOODSP|bfre |
| 043 | |an-cn--- |
| 086 | 1 |aIu81-3/6-2015F-PDF |
| 245 | 04|aLes normes comptent |h[ressource électronique] : |bles normes contribuent à l'économie du Canada. |
| 260 | |a[Ottawa] : |bConseil canadien des normes, |c2015. |
| 300 | |a[1] p. |
| 500 | |aPubli. aussi en anglais sous le titre : Standards matter: standards contribute to Canada's economy. |
| 500 | |aTitre de départ. |
| 692 | 07|2gccst|aNorme |
| 710 | 2 |aConseil canadien des normes. |
| 775 | 08|tStandards matter |w(CaOODSP)9.841341 |
| 856 | 40|qPDF|s91 Ko|uhttps://publications.gc.ca/collections/collection_2017/ccn-scc/Iu81-3-6-2015-fra.pdf |